Click Country by Food - Statistics

General Stats
  • This quiz has been taken 487 times
  • The average score is 25 of 30
Answer Stats
Hint Answer % Correct
Taco Mexico
96%
Nachos Mexico
95%
Bratwurst Germany
94%
Spaghetti Italy
94%
Quesadilla Mexico
94%
Burrito Mexico
94%
Enchilada Mexico
94%
Baguette France
93%
Crêpe France
93%
Soufflé France
92%
Gelato Italy
92%
Chow mein China
91%
Sauerkraut Germany
91%
Spätzle Germany
91%
Wonton China
90%
Lasagne Italy
90%
Vegemite Australia
89%
Tandoori chicken India
89%
Risotto Italy
89%
Peking duck China
88%
Focaccia Italy
86%
Fried rice China
85%
Lamington Australia
84%
Sweet and sour pork China
81%
Quiche France
80%
Vindaloo India
78%
Papadam India
73%
Rogan josh India
56%
Tim tam Australia
50%
Pavlova Australia
39%
No matching quizzes found
Score Distribution
Percent of People with Each Score
Percentile by Number Answered
Your Score History
You have not taken this quiz